[Event "Panevezys op"]
[Site "Panevezys"]
[Date "2023.08.19"]
[Round "3"]
[White "Beniosev, Daniel"]
[Black "Misiuk, Martynas"]
[Result "1/2-1/2"]
[WhiteElo "1501"]
[BlackElo "1778"]
[PlyCount "192"]
[EventDate "2023.08.18"]
[EventType "swiss"]
[EventRounds "7"]
[EventCountry "LTU"]
[SourceTitle "EXT 2024"]
[Source "ChessBase"]
[SourceDate "2023.10.10"]
[SourceVersion "1"]
[SourceVersionDate "2023.10.10"]
[SourceQuality "1"]

1. e4 c5 2. Nc3 g6 3. g3 Bg7 4. Bg2 Nc6 5. d3 e6 6. Be3 b6 7. Qd2 Nge7 8. Bh6 0-0 9. h4 Nd4 10. 0-0-0 Bb7 11. h5 Bxh6 12. Qxh6 Nef5 13. Qd2 Ng7 14. hxg6 fxg6 15. Qh6 Rxf2 16. Qxh7+ Kf7 17. Nh3 Rxc2+ 18. Kb1 Rxg2 19. Rhf1+ Ndf5 20. exf5 exf5 21. Ne4 Bxe4 22. dxe4 Qf6 23. Rxd7+ Ke6 24. Qxg7 Rxb2+ 25. Ka1 Rg2+ 26. Qxf6+ Kxf6 27. exf5 gxf5 28. Nf4 Rxg3 29. Nh5+ Ke6 30. Nxg3 Kxd7 31. Rxf5 Rg8 32. Ne4 Rg1+ 33. Kb2 Ke6 34. Rh5 Rg6 35. Nc3 a6 36. a4 Kd6 37. a5 Kc6 38. axb6 Kxb6 39. Na4+ Kb5 40. Nxc5 Kc4 41. Nb3 Rg2+ 42. Ka3 Rg4 43. Rc5+ Kd3 44. Rc6 Rc4 45. Rd6+ Kc3 46. Rxa6 Rc7 47. Ka2 Rh7 48. Rc6+ Kb4 49. Nd4 Rh5 50. Kb2 Rc5 51. Nc2+ Kc4 52. Rh6 Rb5+ 53. Kc1 Kd3 54. Rh3+ Ke4 55. Kd2 Rf5 56. Re3+ Kd5 57. Kd3 Rf1 58. Re2 Rd1+ 59. Kc3 Rh1 60. Nb4+ Kd6 61. Re4 Rh3+ 62. Kc4 Rh1 63. Nd3 Rh8 64. Rf4 Rc8+ 65. Kd4 Ra8 66. Rf6+ Ke7 67. Rh6 Ra4+ 68. Ke5 Ra5+ 69. Ke4 Ra4+ 70. Kf5 Rd4 71. Ne5 Rd1 72. Rh7+ Kd8 73. Ke6 Kc8 74. Nc6 Re1+ 75. Kd5 Rd1+ 76. Nd4 Rc1 77. Ne6 Rd1+ 78. Kc6 Kb8 79. Nc5 Rc1 80. Rd7 Kc8 81. Rg7 Kd8 82. Kd5 Rd1+ 83. Ke5 Re1+ 84. Ne4 Rd1 85. Nf6 Re1+ 86. Kd6 Rd1+ 87. Nd5 Ke8 88. Rc7 Kd8 89. Ra7 Ke8 90. Ke5 Re1+ 91. Kf5 Rf1+ 92. Nf4 Kd8 93. Ke5 Re1+ 94. Kd6 Rd1+ 95. Nd5 Ke8 96. Re7+ Kf8 1/2-1/2

[Event "LTU-ch sf"]
[Site "Vilnius"]
[Date "2022.04.13"]
[Round "9"]
[White "Simkunaite, Gabija"]
[Black "Misiuk, Martynas"]
[Result "1-0"]
[WhiteElo "2046"]
[BlackElo "1671"]
[PlyCount "39"]
[EventDate "2022.04.08"]
[EventType "swiss"]
[EventRounds "9"]
[EventCountry "LTU"]
[SourceTitle "CBM 207 Extra"]
[Source "ChessBase"]
[SourceDate "2022.05.31"]
[SourceVersion "1"]
[SourceVersionDate "2022.05.31"]
[SourceQuality "1"]

1. e4 c5 2. Nf3 g6 3. c3 d5 4. exd5 Qxd5 5. d4 Bg7 6. Na3 Nf6 7. Bc4 Qe4+ 8. Be3 0-0 9. Bd3 Qc6 10. Nc4 Nbd7 11. 0-0 Nd5 12. Re1 Rd8 13. Qb3 Qc7 14. Bg5 cxd4 15. Bxe7 Nxe7 16. Rxe7 Qc5 17. Nd6 Ne5 18. Nxe5 Be6 19. Rxe6 Bxe5 20. Nxf7 1-0

[Event "LTU-ch Amateurs"]
[Site "Kaunas"]
[Date "2020.08.30"]
[Round "7"]
[White "Jonaitis, Herkus"]
[Black "Misiuk, Martynas"]
[Result "0-1"]
[WhiteElo "1023"]
[BlackElo "1561"]
[PlyCount "78"]
[EventDate "2020.08.27"]
[EventType "swiss"]
[EventRounds "7"]
[EventCountry "LTU"]
[SourceTitle "EXT 2022"]
[Source "ChessBase"]
[SourceDate "2021.10.06"]
[SourceVersion "1"]
[SourceVersionDate "2021.10.06"]
[SourceQuality "1"]

1. d4 Nf6 2. c4 g6 3. Nc3 d5 4. Bf4 Bg7 5. Nb5 Na6 6. Nc3 0-0 7. Nf3 Bf5 8. a3 c5 9. e3 Qa5 10. Qa4 Qd8 11. Qd1 Rc8 12. Bd3 Bxd3 13. Qxd3 cxd4 14. Qxd4 Rxc4 15. Qxa7 Ne4 16. Qxb7 Nac5 17. Nxe4 Nxb7 18. Ned2 Bxb2 19. Nxc4 Bxa1 20. Ncd2 Nc5 21. 0-0 Bg7 22. Kh1 Ne4 23. Nxe4 dxe4 24. Ng5 h6 25. Nh3 e5 26. Bg3 Qd3 27. Rg1 g5 28. f3 Qxe3 29. Bf2 Qd2 30. a4 e3 31. Bg3 e2 32. Be1 Qd1 33. Nf2 Qxa4 34. Ne4 f5 35. Nf2 Rd8 36. g4 Rd1 37. gxf5 Qf4 38. f6 Qxf3+ 39. Rg2 Rxe1# 0-1

[Event "LTU-ch Rapid op"]
[Site "Taujenai"]
[Date "2019.10.19"]
[Round "1.2"]
[White "Misiuk, Martynas"]
[Black "Pultinevicius, Paulius"]
[Result "0-1"]
[WhiteElo "1625"]
[BlackElo "2486"]
[PlyCount "38"]
[EventDate "2019.10.19"]
[EventType "swiss (rapid)"]
[EventRounds "11"]
[EventCountry "LTU"]
[SourceTitle "EXT 2023"]
[Source "ChessBase"]
[SourceDate "2022.10.05"]
[SourceVersion "1"]
[SourceVersionDate "2022.10.05"]
[SourceQuality "1"]

1. e4 e5 2. Nf3 Nc6 3. Bc4 Bc5 4. 0-0 Nf6 5. d4 exd4 6. e5 d5 7. exf6 dxc4 8. Re1+ Be6 9. Ng5 Qd5 10. Nc3 Qf5 11. Nce4 0-0-0 12. g4 Qe5 13. fxg7 Rhg8 14. Nf3 Qxg7 15. h3 Be7 16. Qd2 h5 17. Qh6 Qxh6 18. Bxh6 hxg4 19. Ng3 gxf3 0-1

[Event "EU-ch U10"]
[Site "Bratislava"]
[Date "2019.08.02"]
[Round "1"]
[White "Misiuk, Martynas"]
[Black "Tabuenca Mendataurigoitia, Daniel"]
[Result "1-0"]
[WhiteElo "1331"]
[BlackElo "1757"]
[PlyCount "63"]
[EventDate "2019.08.02"]
[EventType "swiss"]
[EventRounds "9"]
[EventCountry "SVK"]
[SourceTitle "EXT 2020"]
[Source "ChessBase"]
[SourceDate "2019.10.17"]
[SourceVersion "1"]
[SourceVersionDate "2019.10.17"]
[SourceQuality "1"]

1. e4 e6 2. d4 d5 3. Nc3 Nc6 4. e5 f6 5. Bd3 fxe5 6. Qh5+ g6 7. Bxg6+ Kd7 8. dxe5 Bg7 9. Bd3 Nxe5 10. Be2 Ng6 11. Bg5 Bxc3+ 12. bxc3 Qf8 13. Nf3 Nf6 14. Qh3 Ne4 15. Bd3 Qc5 16. 0-0 Nxg5 17. Nxg5 Qe7 18. Nxe6 Kd6 19. Qg3+ Ne5 20. Nd4 Bd7 21. f4 Nxd3 22. cxd3 Rhg8 23. Qf3 c5 24. Nb3 Bg4 25. Qf2 b6 26. Rae1 Qf6 27. f5 Qxc3 28. Re6+ Kc7 29. Qf4+ Kb7 30. Re7+ Kc6 31. Qa4+ b5 32. Qa6# 1-0